000 00284 a2200109 4500
001 50886
040 _cAnchieta - Pituba
240 1 0 _aFestival artístico de redação 2002
_l
245 1 0 _aFestival artístico de redação 2002
650 4 _aLínguas espanhola e portuguesa
942 _cMX
999 _c50886
_d50886